| 000 | 00800nam a22002897a 4500 | ||
|---|---|---|---|
| 001 | 4794 | ||
| 003 | FISKH | ||
| 005 | 20241014121307.0 | ||
| 008 | 241014b cb ||||| |||| 00| 0 eng d | ||
| 020 | _a9780679884767 | ||
| 040 |
_aFISKH _beng _cFISKH _dFISKH |
||
| 050 | _aPZ7.B81618 | ||
| 082 | _a514 | ||
| 100 |
_aBrown, March _d(1946–) |
||
| 245 |
_aArthur's fire drill / _cMarch Brown |
||
| 250 | _a2000 | ||
| 260 |
_aNew York : _bRandom House, _c2000. |
||
| 300 |
_a28 pages : _bColor illustrations ; _c23 cm |
||
| 505 | _aL | ||
| 520 | _aArthur helps ease D.W.'s fire fears by practicing fire drills at home. | ||
| 521 | 8 |
_a510L
_bLexile |
|
| 521 | 8 |
_aL
_bRaz-Plus |
|
| 650 |
_2Fire drill _aSafety |
||
| 651 |
_2Fiction _aFirefighters |
||
| 942 |
_2ddc _cBK _n0 |
||
| 999 |
_c4794 _d4794 |
||